|
|
|
|
| LEADER |
00771nam a2200289 4500 |
| 001 |
DLU070060020 |
| 040 |
# |
# |
|a DLU
|b vie
|
| 041 |
# |
# |
|a vie
|
| 044 |
# |
# |
|a vn
|
| 100 |
# |
# |
|a Văn Kỳ Thanh.
|
| 245 |
# |
# |
|a Tôn vinh văn hóa gia đình /
|c Văn Kỳ Thanh.
|
| 653 |
# |
# |
|a Gia đình
|
| 653 |
# |
# |
|a Gia đình văn hóa
|
| 653 |
# |
# |
|a Văn hóa
|
| 653 |
# |
# |
|a Văn hóa gia đình
|
| 773 |
# |
# |
|t Văn hoá nghệ thuật
|g Số 11 , 2006, tr. 3-5
|
| 920 |
# |
# |
|a Phòng Tạp chí -- Trung tâm Thông tin - Thư viện Trường Đại học Đà Lạt
|
| 933 |
# |
# |
|a XH
|
| 933 |
# |
# |
|a CP
|
| 994 |
# |
# |
|a DLU
|
| 900 |
# |
# |
|a True
|
| 911 |
# |
# |
|a Nguyễn Thị Minh Cầm
|
| 925 |
# |
# |
|a G
|
| 926 |
# |
# |
|a A
|
| 927 |
# |
# |
|a BB
|
| 980 |
# |
# |
|a Thư viện Trường Đại học Đà Lạt
|